Countries with Y - Statistics

General Stats
  • This quiz has been taken 542 times
  • The average score is 15 of 19
Answer Stats
Hint Answer % Correct
Asia Yemen
96%
South America Paraguay
93%
South America Uruguay
93%
South America Guyana
85%
Europe Germany
83%
Europe Italy
83%
Europe Norway
81%
Asia Turkey
79%
Europe Hungary
76%
Asia Kyrgyzstan
76%
Africa Libya
76%
Asia Malaysia
75%
Asia Syria
75%
Africa Egypt
72%
Africa Kenya
67%
Asia Cyprus
65%
Asia Myanmar
65%
Africa Seychelles
60%
Europe Vatican City
55%
No matching quizzes found
Score Distribution
Percent of People with Each Score
Percentile by Number Answered
Your Score History
You have not taken this quiz